Forêts et Mythes - Statistiques

Statistiques générales
  • Ce quiz a été pris 285 fois
  • Le résultat moyen est 9 sur 14
Statistiques - réponses
Information Réponse % Correct
Justicier muni d'un arc, opposé au shériff de Nottingham Robin des Bois
95%
Créatures mi-homme mi-cheval, peuple de cette forêt dans la mythologie grecque Centaures
94%
Plus grande forêt tropicale du monde dont le nom vient du mythe grec des femmes guerrières Amazonie
92%
Héros grec qui est entré dans cette forêt pour y tuer un lion, l'un de ses 12 travaux Héraclès
90%
Bête des bois qui aurait commis une centaine d'agressions en Lozère au XVIIIe Bête du {Gévaudan}
78%
Lieu de vie de Merlin l'enchanteur Brocéliande
73%
Massif du sud de l'Allemagne, dont l'obscurité a donné naissance à de nombreux mythes et contes Forêt-Noire
65%
Forêt protégée par cette déesse celte, qui lui a donné son nom, puis aujourd'hui celui d'un département Forêt d'Ardenne
58%
Êtres mythiques de très grande taille que le guerrier irlandais Fionn Mac Cumhaill devait affronter dans cette forêt Géants
58%
Forêt composée d'arbres nationaux du Liban Forêt des {cèdres} de Dieu
45%
Fin du monde prophétique dans la mythologie nordique, cette forêt en serait un refuge Ragnarök
41%
Forêt de Seine-et-Marne dans laquelle Henri IV aurait entendu un démon Forêt de Fontainebleau
35%
Fée qui devient mi-serpent les samedis, et erre dans la forêt Mélusine
23%
Forêt gauloise autour de Chartres, elle aurait été le centre du culte druidique, en tout cas dans Astérix Forêt des Carnutes
13%
Aucun quiz correspondant
Distribution des résultats
% des personnes avec chaque résultat
Percentile par nombre de réponses
Votre historique - résultats
Vous n’avez pas pris ce quiz